Secuestro de carbono y gestión forestal en América tropical /

Guardado en:
Detalles Bibliográficos
Autor principal: Budowski, Gerardo
Formato: Texto
Materias:
Etiquetas: Agregar Etiqueta
Sin Etiquetas, Sea el primero en etiquetar este registro!

MARC

LEADER 00000 a a2200000 04500
001 574
003
040
100 |a Budowski, Gerardo  
245 |a Secuestro de carbono y gestión forestal en América tropical /  |c Gerardo Budowski 
650 |a GESTION AMBIENTAL  
650 |a EFECTO INVERNADERO  
650 |a DIOXIDO DE CARBONO  
650 |a REFORESTACION  
650 |a DESARROLLO SUSTENTABLE  
773 |g número 65; páginas 8-16  
999 |c 24222  |d 24222